Explora la matemática 4 : (Registro nro. 8199)

Detalles MARC
000 -LEADER
fixed length control field 01599nam a2200373 a 4500
001 - CONTROL NUMBER
control field 00161
003 - CONTROL NUMBER IDENTIFIER
control field DO-SdBNP
005 - DATE AND TIME OF LATEST TRANSACTION
control field 20180315121305.0
007 - PHYSICAL DESCRIPTION FIXED FIELD--GENERAL INFORMATION
fixed length control field 00161
008 - FIXED-LENGTH DATA ELEMENTS--GENERAL INFORMATION
fixed length control field 091125s 2008 dr 000 0 spa d
040 ## - CATALOGING SOURCE
Original cataloging agency BPMSU
Language of cataloging spa
Transcribing agency BPMSU
092 ## - LOCALLY ASSIGNED DEWEY CALL NUMBER (OCLC)
Classification number 372.7
Item number E96m 4to. 2008
245 00 - TITLE STATEMENT
Title Explora la matemática 4 :
Remainder of title [educación básica] /
Statement of responsibility, etc. Eduardo Luna...[et al.] ; directora del proyecto Sarah González de Lora.
260 ## - PUBLICATION, DISTRIBUTION, ETC. (IMPRINT)
Place of publication, distribution, etc. Santo Domingo :
Name of publisher, distributor, etc. USAID,
-- PUCMM,
Date of publication, distribution, etc. 2008.
300 ## - PHYSICAL DESCRIPTION
Extent 573 p. :
Other physical details il. ;
Dimensions 28 cm.
505 0# - FORMATTED CONTENTS NOTE
Title Unidad 1 :
-- Números --
-- Unidad 2 :
-- Suma --
-- Unidad 3 :
-- Resta --
-- Unidad 4 :
-- Multiplicación --
-- Unidad 5 :
-- División --
-- Unidad 6 :
-- Fracciones --
-- Unidad 7 :
-- Decimales --
-- Unidad 8 :
-- Geometría --
-- Unidad 9 :
-- Mediciones --
-- Unidad 10 :
-- Estadística --
650 #4 - SUBJECT ADDED ENTRY--TOPICAL TERM
Topical term or geographic name as entry element MATEMÁTICAS
General subdivision ENSENANZA BÁSICA
650 #4 - SUBJECT ADDED ENTRY--TOPICAL TERM
Topical term or geographic name as entry element MATEMÁTICAS
General subdivision EDUCACIÓN PRIMARIA
650 #4 - SUBJECT ADDED ENTRY--TOPICAL TERM
Topical term or geographic name as entry element EDUCACIÓN PRIMARIA
Geographic subdivision REPÚBLICA DOMINICANA
650 #4 - SUBJECT ADDED ENTRY--TOPICAL TERM
Topical term or geographic name as entry element MATEMÁTICAS
General subdivision LIBROS DDE TEXTOS
650 #4 - SUBJECT ADDED ENTRY--TOPICAL TERM
Topical term or geographic name as entry element MATEMÁTICAS
General subdivision ESTUDIOS Y EJERCICIOS
700 1# - ADDED ENTRY--PERSONAL NAME
Personal name Luna, Eduardo
700 12 - ADDED ENTRY--PERSONAL NAME
Personal name González de Lora, Sarah,
Relator term dir.
700 1# - ADDED ENTRY--PERSONAL NAME
Personal name López Pichardo, Karin
Relator term il.
700 1# - ADDED ENTRY--PERSONAL NAME
Personal name Fernández, Patria
700 1# - ADDED ENTRY--PERSONAL NAME
Personal name Henríquez, Luis
710 12 - ADDED ENTRY--CORPORATE NAME
Corporate name or jurisdiction name as entry element Agencia Internacional para el Desarrollo de los Estados Unidos
710 12 - ADDED ENTRY--CORPORATE NAME
Corporate name or jurisdiction name as entry element Pontificia Universidad Cátolica Madre y Maestra
910 ## - USER-OPTION DATA (OCLC)
User-option data Validado. Control de calidad MFF
942 ## - ADDED ENTRY ELEMENTS (KOHA)
Source of classification or shelving scheme Dewey Decimal Classification
Koha item type Libros
945 ## - LOCAL PROCESSING INFORMATION (OCLC)
a Remanejado para la BNPHU / 2018 VM
956 ## - LOCAL ELECTRONIC LOCATION AND ACCESS (OCLC)
Host name VMATEO
Access number 10
Compression information 20150813
Logon BPMSU
Processor of request 00151
956 ## - LOCAL ELECTRONIC LOCATION AND ACCESS (OCLC)
Host name BPMSU
Access number 10
Compression information 20160407
Logon BPMSU
Processor of request 161
Existencias
Withdrawn status Lost status Source of classification or shelving scheme Damaged status Not for loan Collection code Home library Current library Date acquired Source of acquisition Total Checkouts Full call number Barcode Date last seen Price effective from Koha item type
    Dewey Decimal Classification     Colección Dominicana Biblioteca Pública Metropolitana Salomé Ureña Biblioteca Pública Metropolitana Salomé Ureña 05/09/2016 Donación   372.7 E96m 4to. 2008 BPMSU16050157 05/09/2016 05/09/2016 Libros